Biotechnology Demystifying the concepts

This book covers basic scientific concepts, multi-staged biotechnical applications, and biotechnology's effects on today's society and on future generations. Abundant examples, based on real-life issues, illustrated and clarify topic discussions.

Guardat en:
Dades bibliogràfiques
Autor principal: David Bourgaize
Format: Llibre
Idioma:Undetermined
Publicat: San Francisco, Ca. Benjamin/Cummings 2000
Matèries:
Etiquetes: Afegir etiqueta
Sense etiquetes, Sigues el primer a etiquetar aquest registre!
Thư viện lưu trữ: Trung tâm Học liệu Trường Đại học Cần Thơ
LEADER 00847nam a2200205Ia 4500
001 CTU_51030
008 210402s9999 xx 000 0 und d
020 |b 812000 
082 |a 572.8 
082 |b B772 
100 |a David Bourgaize 
245 0 |a Biotechnology 
245 0 |b Demystifying the concepts 
245 0 |c David Bourgaize, Thomas R. Jewell, and Rodolfo G. Buiser 
260 |a San Francisco, Ca. 
260 |b Benjamin/Cummings 
260 |c 2000 
520 |a This book covers basic scientific concepts, multi-staged biotechnical applications, and biotechnology's effects on today's society and on future generations. Abundant examples, based on real-life issues, illustrated and clarify topic discussions. 
650 |a molecular biology,molecular genetics,biotechnology 
980 |a Trung tâm Học liệu Trường Đại học Cần Thơ